00890nam a2200253 i 4500001001100000003000500011005001700016008004100033040002500074082001800099090002400117100003300141245010400174264005600278300003000334336002100364337002500385338002300410500003800433650005000471942001000521999001900531952008600550C2-0226933PPAK20180728154528.0000705s1989 my |||| ||||| | may d aPPAKbengcPPAKerda04a899.2330922300a899.23309bSITdKSA0 aSiti Hajar Che Man, eauthor10aCerpen-cerpen pilihan Malaysia - Indonesia (1970-an - 1980-an): bsatu kajian penyimpangan struktur 1aPulau Pinang : bUniversiti Sains Malaysia , c1989 axvii, 354 pages ; c27 cm 2rdacontentatext 2rdamediaaunmediated 2rdacarrieravolume aTesis Ijazah Sarjana Muda Sastera10aShort stories, Malay - History and criticism. ddccB c147129d147129 0071bPPAKcKSAd2000-07-05oKSA 899.23309 SITpA00202783r2018-05-31 00:00:00yT